Top 5 Province Italiane per Categoria - Statistics

Statistiche generali
  • Questo quiz è stato fatto 545 volte
  • Il punteggio medio è 26 su 40
Statistiche sulle risposte
Capital City % Corretto
Milano
98%
Roma
98%
Napoli
97%
Torino
97%
Palermo
96%
Aosta
86%
Bolzano
86%
Bolzano
86%
Trento
86%
Catania
84%
Genova
78%
Trieste
77%
Bergamo
70%
Brescia
70%
Enna
70%
Siracusa
70%
Cuneo
67%
Sassari
65%
Foggia
64%
Foggia
64%
Sondrio
63%
Trapani
63%
Prato
62%
Ragusa
62%
Isernia
60%
Monza e della Brianza
58%
Caltanissetta
56%
Crotone
56%
Gorizia
56%
Parma
53%
Modena
49%
Alessandria
48%
Vibo Valentia
48%
Caserta
47%
Lodi
45%
Savona
45%
Imperia
44%
Piacenza
41%
Verbano-Cusio-Ossola
40%
Rieti
32%
Nessun quiz corrispondente trovato
Distribuzione punteggi
Percentuale di utenti per punteggio
Percentile per numero di risposta
I tuoi punteggi nel tempo
Non hai fatto questo quiz